000 00768nam a2200241Ia 4500
003 GCL
008 140319s9999 xx 000 0 ara d
040 _aGCL /
_cGCL
082 0 4 _a810.9
_bا ت
100 1 _aاحمد حسن الزيات
245 1 0 _aتاريخ الادب العربى: للمدارس الثانوية والعليا /
_cاحمد حسن الزيات
260 _a[S.N] :
_bدار نهضة مصر للطبع والنشر
300 _a536 ص
490 _a
650 0 4 _aالشعر العربى
650 0 4 _aالادب العربى
650 0 4 _aالعصر الحديث
650 0 4 _aالعصر الجاهلى
650 0 4 _aالنثر العربى
650 0 4 _aتاريخ ونقد
650 0 4 _aالمجموعات
942 _2ddc
_cBK
999 _c31231
_d31231